Countries that Beat Vatican City - Statistics

General Stats
  • This quiz has been taken 2,627 times
    311 since last reset
  • The average score is 11 of 15
Answer Stats
Rank Category Countries % Correct
3 Most densely populated Monaco | Singapore
96%
8 Most visited by U.S. presidents United Kingdom | France | Canada | Germany | Mexico | Italy | Japan
95%
3 Largest country inside another country Lesotho | San Marino
87%
3 Has the most visited museum [1] France | China
85%
10 Least guessed European country in the Countries of the World Quiz San Marino | Liechtenstein | Kosovo | Monaco | Montenegro | Malta | Andorra |
Moldova | North Macedonia
85%
3 Largest country that is recognized by Jetpunk, but is NOT a UN member Taiwan | Kosovo
80%
2 European country with the highest average annual temperature [2] Malta
79%
2 First starting with V in the alphabetic order Vanuatu
79%
2 Closest landlocked country to the sea San Marino
77%
3 European country with lowest average elevation Netherlands | Denmark
76%
4 Largest country considered a theocracy Saudi Arabia | Iran | Afghanistan
67%
2 (t) Whose flag has the most "vertical" shape Nepal
56%
4 Has the roundest shape [3] Sierra Leone | Nauru | Zimbabwe
35%
2 Whose flag has the most yellow Brunei
34%
3 (t) Shortest international border with another country * excluding overseas territories Botswana | Zambia
28%
No matching quizzes found
Score Distribution
Percent of People with Each Score
Percentile by Number Answered
Your Score History
You have not taken this quiz since the last reset